[Event "UKR-ch Women 2020"]
[Site "Kherson"]
[Date "2020.12.12"]
[Round "7.9"]
[White "Grineva, Marianna"]
[Black "Gaponenko, Inna"]
[Result "1-0"]
[WhiteElo "2001"]
[BlackElo "2390"]
[Annotator "ChessBase"]
[PlyCount "61"]
[EventDate "2020.12.06"]
[EventType "swiss"]
[EventCountry "UKR"]
[SourceTitle "playchess.com"]
[Source "ChessBase"]
[SourceQuality "1"]
[TimeControl "40/5400+30:1800+30"]

1. e4 {[%emt 0:00:00]} c5 {[%emt 0:00:00]} 2. d4 {[%emt 0:00:00]} cxd4 {[%emt 0:01:28]} 3. c3 {[%emt 0:00:02]} Nf6 {[%emt 0:02:26]} 4. e5 {[%emt 0:00:31]} Nd5 {[%emt 0:00:06]} 5. Nf3 {[%emt 0:00:21]} Nc6 {[%emt 0:05:53]} 6. Bc4 {[%emt 0:01:06]} e6 {[%emt 0:01:00]} 7. O-O {[%emt 0:09:52]} d6 {[%emt 0:13:19]} 8. cxd4 {[%emt 0:01:18]} Be7 {[%emt 0:00:08]} 9. a3 {[%emt 0:00:37]} O-O {[%emt 0:00:42]} 10. Bd3 {[%emt 0:01:10]} dxe5 {[%emt 0:38:13]} 11. dxe5 {[%emt 0:00:26]} Qc7 {[%emt 0:00:07]} 12. Qc2 {[%emt 0:07:09]} g6 {[%emt 0:02:57]} 13. Re1 {[%emt 0:01:19]} Rd8 {[%emt 0:04:20]} 14. Nbd2 {[%emt 0:10:58]} Bd7 {[%emt 0:02:09]} 15. Nf1 {[%emt 0:07:18]} Rac8 {[%emt 0:01:56]} 16. Qe2 {[%emt 0:02:04]} Na5 {[%emt 0:03:25]} 17. Bh6 {[%emt 0:05:24]} Nb3 {[%emt 0:03:37]} 18. Rad1 {[%emt 0:03:04]} Ba4 {[%emt 0:00:52]} 19. h4 {[%emt 0:14:36]} Qb6 {[%emt 0:05:01]} 20. Rb1 {[%emt 0:11:08]} Nd4 {[%emt 0:00:43]} 21. Qe4 {[%emt 0:03:49]} Nxf3+ {[%emt 0:02:13]} 22. Qxf3 {[%emt 0:00:36]} Bc2 {[%emt 0:01:43]} 23. Bxc2 {[%emt 0:05:08]} Rxc2 {[%emt 0:00:02]} 24. Ne3 {[%emt 0:03:25]} Rxb2 {[%emt 0:05:12]} 25. Nxd5 {[%emt 0:02:45]} Rxd5 {[%emt 0:00:02]} 26. Rbc1 {[%emt 0:01:42]} Bxh4 {[%emt 0:03:54]} 27. Rc8+ {[%emt 0:03:10]} Rd8 {[%emt 0:00:15]} 28. Be3 {[%emt 0:00:49]} Qa5 {[%emt 0:01:38]} 29. Rec1 {[%emt 0:01:59]} Qxe5 {[%emt 0:00:31]} 30. Qd1 {[%emt 0:01:12]} Bxf2+ {[%emt 0:00:35]} 31. Bxf2 {[%emt 0:00:19]} 1-0

[Event "UKR-ch Women 2020"]
[Site "Kherson"]
[Date "2020.12.12"]
[Round "7.10"]
[White "Grigorchuk, Katerina"]
[Black "Mashchenko, Tamila"]
[Result "1-0"]
[WhiteElo "1767"]
[BlackElo "1768"]
[Annotator "NA"]
[PlyCount "111"]
[EventDate "2020.12.06"]
[EventType "swiss"]
[EventCountry "UKR"]
[SourceTitle "playchess.com"]
[Source "ChessBase"]
[SourceQuality "1"]
[TimeControl "40/5400+30:1800+30"]

1. e4 {[%emt 0:00:00]} c5 {[%emt 0:00:00]} 2. Nf3 {[%emt 0:00:00]} d6 {[%emt 0:00:00]} 3. d4 {[%emt 0:00:00]} cxd4 {[%emt 0:00:00]} 4. Nxd4 {[%emt 0:00:00]} Nf6 {[%emt 0:00:00]} 5. Nc3 {[%emt 0:00:00]} g6 {[%emt 0:00:01]} 6. g3 {[%emt 0:00:00]} Bg7 {[%emt 0:00:15]} 7. Bg2 {[%emt 0:00:03]} O-O {[%emt 0:00:21]} 8. O-O {[%emt 0:00:04]} Nc6 {[%emt 0:00:38]} 9. Nde2 {[%emt 0:00:06]} Rb8 {[%emt 0:08:15]} 10. a4 {[%emt 0:00:34]} a6 {[%emt 0:05:07]} 11. Nd5 {[%emt 0:00:38]} b5 {[%emt 0:10:27]} 12. axb5 {[%emt 0:01:22]} axb5 {[%emt 0:00:25]} 13. Bg5 {[%emt 0:00:57]} Nd7 {[%emt 0:27:04]} 14. Ra2 {[%emt 0:13:14]} h6 {[%emt 0:03:11]} 15. Bf4 {[%emt 0:06:43]} Nde5 {[%emt 0:04:02]} 16. Bxe5 Nxe5 {[%emt 0:03:19]} 17. Nd4 {[%emt 0:10:30]} e6 {[%emt 0:05:28]} 18. Nb4 {[%emt 0:01:19]} Qb6 {[%emt 0:01:41]} 19. c3 {[%emt 0:06:37]} Bb7 {[%emt 0:02:16]} 20. Kh1 {[%emt 0:10:02]} Ra8 {[%emt 0:04:14]} 21. Rxa8 Rxa8 {[%emt 0:00:17]} 22. Qe2 {[%emt 0:03:49]} Nc4 {[%emt 0:05:35]} 23. b3 {[%emt 0:04:49]} Na5 {[%emt 0:01:30]} 24. Qd3 {[%emt 0:04:00]} Rc8 {[%emt 0:01:50]} 25. Rb1 {[%emt 0:12:58]} Bxd4 {[%emt 0:12:19]} 26. cxd4 {[%emt 0:00:30]} Nc6 {[%emt 0:00:55]} 27. Nc2 {[%emt 0:00:54]} Na5 {[%emt 0:01:28]} 28. Ne3 {[%emt 0:02:22]} b4 {[%emt 0:01:48]} 29. Ng4 {[%emt 0:02:29]} Kg7 {[%emt 0:00:28]} 30. Qd2 {[%emt 0:00:32]} g5 {[%emt 0:00:22]} 31. h4 {[%emt 0:02:08]} f6 {[%emt 0:00:01]} 32. f4 {[%emt 0:02:12]} h5 {[%emt 0:01:47]} 33. fxg5 {[%emt 0:01:40]} f5 {[%emt 0:00:42]} 34. Nf6 {[%emt 0:01:24]} Rh8 {[%emt 0:00:26]} 35. exf5 {[%emt 0:03:32]} Bxg2+ {[%emt 0:00:23]} 36. Kxg2 {[%emt 0:00:18]} exf5 {[%emt 0:00:14]} 37. Qe2 {[%emt 0:00:44]} Qxd4 {[%emt 0:00:59]} 38. Rd1 {[%emt 0:01:32]} Qe5 {[%emt 0:00:31]} 39. Nxh5+ {[%emt 0:02:29]} Kf7 {[%emt 0:00:14]} 40. Qf3 {[%emt 0:00:00]} Re8 {[%emt 0:00:00]} 41. Rd5 {[%emt 0:06:38]} Qe2+ {[%emt 0:07:54]} 42. Qxe2 {[%emt 0:00:19]} Rxe2+ {[%emt 0:00:02]} 43. Kf3 {[%emt 0:01:12]} Re5 {[%emt 0:00:22]} 44. Rxd6 {[%emt 0:00:26]} Ke7 {[%emt 0:01:11]} 45. Rb6 {[%emt 0:05:49]} Nxb3 {[%emt 0:00:54]} 46. Rxb4 {[%emt 0:01:03]} Nd2+ {[%emt 0:00:40]} 47. Kf4 {[%emt 0:00:30]} Rd5 {[%emt 0:00:40]} 48. g6 {[%emt 0:02:31]} Rd8 {[%emt 0:01:00]} 49. Rb7+ {[%emt 0:01:26]} Ke6 {[%emt 0:01:01]} 50. Kg5 {[%emt 0:06:09]} Ne4+ {[%emt 0:02:21]} 51. Kh6 {[%emt 0:00:25]} Rh8+ {[%emt 0:00:45]} 52. Rh7 {[%emt 0:00:07]} Rg8 {[%emt 0:00:30]} 53. g7 {[%emt 0:02:14]} Kf7 {[%emt 0:05:33]} 54. Rh8 {[%emt 0:01:13]} Nf6 {[%emt 0:01:28]} 55. Nxf6 {[%emt 0:01:45]} Rxg7 {[%emt 0:00:08]} 56. Rh7 {[%emt 0:00:15]} 1-0

[Event "UKR-ch Women 2020"]
[Site "Kherson"]
[Date "2020.12.13"]
[Round "8.1"]
[White "Petrova, Irina"]
[Black "Buksa, Nataliya"]
[Result "1/2-1/2"]
[WhiteElo "2077"]
[BlackElo "2410"]
[Annotator "NA"]
[PlyCount "82"]
[EventDate "2020.12.06"]
[EventType "swiss"]
[EventCountry "UKR"]
[SourceTitle "playchess.com"]
[Source "ChessBase"]
[SourceQuality "1"]
[TimeControl "40/5400+30:1800+30"]

1. e4 {[%emt 0:00:00]} c5 {[%emt 0:00:39]} 2. Nf3 {[%emt 0:00:00]} Nc6 {[%emt 0:00:14]} 3. Bb5 {[%emt 0:00:00]} g6 {[%emt 0:00:07]} 4. Bxc6 {[%emt 0:00:00]} bxc6 {[%emt 0:00:04]} 5. O-O {[%emt 0:00:00]} Bg7 {[%emt 0:00:04]} 6. Re1 {[%emt 0:00:03]} Nh6 {[%emt 0:00:13]} 7. c3 {[%emt 0:00:11]} O-O {[%emt 0:00:07]} 8. d4 {[%emt 0:00:05]} cxd4 {[%emt 0:00:31]} 9. cxd4 {[%emt 0:00:06]} d5 {[%emt 0:00:04]} 10. e5 {[%emt 0:00:06]} f6 {[%emt 0:00:05]} 11. exf6 {[%emt 0:00:06]} exf6 {[%emt 0:00:12]} 12. Nbd2 {[%emt 0:00:07]} Nf7 {[%emt 0:10:23]} 13. Nb3 {[%emt 0:00:25]} Bf5 {[%emt 0:02:43]} 14. Bd2 {[%emt 0:01:16]} Re8 {[%emt 0:03:02]} 15. Bb4 {[%emt 0:05:06]} Qb6 {[%emt 0:05:44]} 16. Bc5 {[%emt 0:05:38]} Qc7 {[%emt 0:00:29]} 17. Qd2 {[%emt 0:08:11]} Be4 {[%emt 0:29:58]} 18. Qc3 {[%emt 0:08:42]} Bxf3 {[%emt 0:07:37]} 19. Qxf3 {[%emt 0:00:14]} Ng5 {[%emt 0:00:05]} 20. Qg3 {[%emt 0:25:46]} Qd7 {[%emt 0:00:05]} 21. f3 {[%emt 0:07:39]} Ne6 {[%emt 0:05:00]} 22. Qd6 {[%emt 0:03:16]} Qxd6 {[%emt 0:00:43]} 23. Bxd6 {[%emt 0:00:41]} Bh6 {[%emt 0:09:01]} 24. Kf1 {[%emt 0:06:23]} Kf7 {[%emt 0:00:52]} 25. Rad1 {[%emt 0:01:03]} Rad8 {[%emt 0:05:52]} 26. Bc5 {[%emt 0:03:02]} Nxc5 {[%emt 0:01:37]} 27. Nxc5 {[%emt 0:00:07]} Rb8 {[%emt 0:04:48]} 28. Nb3 {[%emt 0:00:22]} Rb4 {[%emt 0:03:00]} 29. Rxe8 {[%emt 0:03:13]} Kxe8 {[%emt 0:00:04]} 30. Re1+ {[%emt 0:01:24]} Kf7 {[%emt 0:00:26]} 31. Re2 {[%emt 0:00:52]} Rc4 {[%emt 0:00:10]} 32. g3 {[%emt 0:02:56]} Bf8 {[%emt 0:00:52]} 33. a3 {[%emt 0:04:23]} Bd6 {[%emt 0:00:11]} 34. Rd2 {[%emt 0:00:40]} Bc7 {[%emt 0:00:23]} 35. Ke2 {[%emt 0:02:33]} Bb6 {[%emt 0:00:35]} 36. Rd3 {[%emt 0:03:00]} Rc2+ {[%emt 0:03:42]} 37. Rd2 {[%emt 0:00:05]} Rc4 {[%emt 0:00:03]} 38. Rd3 {[%emt 0:00:06]} Ke6 {[%emt 0:05:50]} 39. Rc3 {[%emt 0:02:16]} Rxc3 {[%emt 0:00:55]} 40. bxc3 {[%emt 0:00:00]} Kd6 {[%emt 0:00:00]} 41. a4 {[%emt 0:02:48]} Bd8 {[%emt 0:01:49]} 1/2-1/2

[Event "UKR-ch Women 2020"]
[Site "Kherson"]
[Date "2020.12.13"]
[Round "8.2"]
[White "Babiy, Olga"]
[Black "Rakhmangulova, Anastasiya"]
[Result "1-0"]
[WhiteElo "2271"]
[BlackElo "2132"]
[Annotator "NA"]
[PlyCount "79"]
[EventDate "2020.12.06"]
[EventType "swiss"]
[EventCountry "UKR"]
[SourceTitle "playchess.com"]
[Source "ChessBase"]
[SourceQuality "1"]
[TimeControl "40/5400+30:1800+30"]

1. e4 {[%emt 0:00:00]} e6 {[%emt 0:00:00]} 2. d4 {[%emt 0:00:00]} d5 {[%emt 0:00:00]} 3. Nc3 {[%emt 0:00:07]} Nc6 {[%emt 0:00:00]} 4. Nf3 {[%emt 0:00:34]} Nf6 {[%emt 0:00:00]} 5. Bd3 {[%emt 0:00:38]} Nb4 {[%emt 0:04:18]} 6. e5 {[%emt 0:06:06]} Nxd3+ {[%emt 0:00:26]} 7. Qxd3 {[%emt 0:00:14]} Nd7 {[%emt 0:01:47]} 8. Bg5 {[%emt 0:00:14]} Be7 {[%emt 0:02:30]} 9. Bxe7 {[%emt 0:01:41]} Qxe7 {[%emt 0:00:22]} 10. O-O {[%emt 0:00:07]} a6 {[%emt 0:02:57]} 11. Ne2 {[%emt 0:01:50]} Nf8 {[%emt 0:14:53]} 12. Nd2 {[%emt 0:06:51]} Bd7 {[%emt 0:09:25]} 13. a4 {[%emt 0:02:45]} Ng6 {[%emt 0:10:23]} 14. f4 {[%emt 0:07:56]} f6 {[%emt 0:02:14]} 15. exf6 {[%emt 0:08:12]} gxf6 {[%emt 0:05:32]} 16. f5 {[%emt 0:06:24]} exf5 {[%emt 0:07:30]} 17. Ng3 {[%emt 0:05:27]} O-O-O {[%emt 0:02:45]} 18. Nxf5 {[%emt 0:00:13]} Qe8 {[%emt 0:05:05]} 19. Rae1 {[%emt 0:13:34]} Qf7 {[%emt 0:01:08]} 20. b3 {[%emt 0:00:49]} Rhe8 {[%emt 0:02:01]} 21. Qf3 {[%emt 0:01:53]} Rxe1 {[%emt 0:03:10]} 22. Rxe1 {[%emt 0:00:01]} Re8 {[%emt 0:00:45]} 23. Rxe8+ {[%emt 0:01:04]} Qxe8 {[%emt 0:00:15]} 24. Ne3 {[%emt 0:00:33]} Qe6 {[%emt 0:08:56]} 25. Ndf1 {[%emt 0:01:50]} Ne7 {[%emt 0:01:04]} 26. Qh5 {[%emt 0:01:42]} Nf5 {[%emt 0:04:19]} 27. Kf2 {[%emt 0:09:32]} Qe4 {[%emt 0:04:51]} 28. c3 {[%emt 0:00:37]} Nxe3 {[%emt 0:01:35]} 29. Nxe3 {[%emt 0:00:05]} Kb8 {[%emt 0:02:19]} 30. Qxd5 {[%emt 0:02:05]} Qh4+ {[%emt 0:00:06]} 31. Ke2 {[%emt 0:03:05]} Bc8 {[%emt 0:00:34]} 32. h3 {[%emt 0:00:37]} f5 {[%emt 0:01:03]} 33. Qe5 {[%emt 0:01:36]} Qh5+ {[%emt 0:00:55]} 34. Kf2 {[%emt 0:01:40]} Qf7 {[%emt 0:01:11]} 35. c4 {[%emt 0:01:10]} f4 {[%emt 0:00:27]} 36. Nd5 {[%emt 0:00:14]} f3 {[%emt 0:00:11]} 37. g4 {[%emt 0:00:40]} h6 {[%emt 0:01:28]} 38. Qe7 {[%emt 0:01:15]} Qg8 {[%emt 0:01:30]} 39. Qxc7+ {[%emt 0:00:13]} Ka7 {[%emt 0:00:03]} 40. Ne7 {[%emt 0:00:00]} 1-0

[Event "UKR-ch Women 2020"]
[Site "Kherson"]
[Date "2020.12.13"]
[Round "8.3"]
[White "Osmak, Iulija"]
[Black "Hrebenshchykova, Yelyzaveta"]
[Result "1-0"]
[WhiteElo "2438"]
[BlackElo "2083"]
[Annotator "TA"]
[PlyCount "129"]
[EventDate "2020.12.06"]
[EventType "swiss"]
[EventCountry "UKR"]
[SourceTitle "playchess.com"]
[Source "ChessBase"]
[SourceQuality "1"]

{[%evp 15,129,10,12,10,11,13,39,34,37,37,31,35,41,34,36,30,32,33,39,39,47,49,72,74,107,41,42,42,38,14,75,89,83,18,92,79,69,60,62,49,101,37,44,37,87,20,31,14,14,14,25,0,24,9,59,0,5,0,0,0,116,57,140,0,0,0,9,12,15,0,83,83,140,83,83,83,83,83,116,0,2,0,0,0,0,0,0,0,8,8,8,8,8,8,8,8,8,8,580,580,29963,29949,29967,8,29980,29981,29981,29982,29982,29983,29983,29982,29989,29985,29992,29993]} 1. d4 d5 2. c4 e6 3. Nc3 Nf6 4. cxd5 exd5 5. Bg5 c6 6. e3 Be7 7. Bd3 Ne4 8. Bxe7 Qxe7 9. Nge2 {D35: Queen's Gambit Declined: Exchange Variation.} Bf5 10. O-O {[#]} Nxc3 $146 ({Predecessor:} 10... Nd7 11. Ng3 Nxg3 12. hxg3 Bxd3 13. Qxd3 Nf6 14. Rfe1 O-O 15. a3 Rfe8 16. b4 Ne4 17. Nxe4 Qxe4 18. Qxe4 Rxe4 {½-½ (54) Kalender,B (2045)-Martin,H (1778) Mittelfranken 2013}) 11. bxc3 {White is slightly better.} Bxd3 12. Qxd3 Nd7 13. c4 dxc4 14. Qxc4 O-O 15. Nc3 Nf6 16. a4 Rad8 17. Rab1 Nd5 18. Rfc1 Rd6 19. a5 Nxc3 20. Qxc3 (20. Rxc3 $16 {And now Qc5 would win.} Qc7 21. Qc5) 20... Rfd8 $14 21. Qc5 a6 22. Rb6 Qc7 (22... h6 $11) 23. Rcb1 $16 Rd5 24. Qc3 (24. Rxb7 $2 Qxb7 25. Qc2 Qc8 $19) (24. Qc4 $16) 24... Rb8 (24... c5 $11 {remains equal.}) 25. h3 h6 26. e4 Rd7 27. R1b4 Qf4 (27... Qd8 $14) 28. Qe3 (28. e5 $1 $16) 28... Qc7 $14 29. g3 Qd8 30. Kg2 ({White should play} 30. Qf4 $16) 30... Qe7 $1 $11 31. Rb2 Rbd8 32. R6b4 Re8 33. f3 Red8 34. h4 Qf6 {[%cal Rd7d4]} 35. e5 ({White should try} 35. Qf4 $14) 35... Qe7 36. h5 Rc8 37. Qe4 c5 (37... Rcc7 $11) 38. Rxb7 $16 cxd4 39. R7b6 (39. Qg4 $1 $16 Rcd8 40. Qxd4 $3 {[%mdl 512]}) 39... d3 $11 40. Rd2 Qg5 $132 {[%mdl 2048] Black is not keeping still} 41. f4 Qd8 {Black wants to play ...Rc2!} 42. e6 Rd4 (42... fxe6 $11 {keeps the balance.} 43. Kf3 (43. Qxe6+ Kh8 $11) (43. Rxe6 Qxa5 44. Re8+ Rxe8 $11) (43. Rxa6 Rc2 $11) 43... e5) 43. exf7+ $16 Kf8 (43... Kxf7 $142 44. Qe6+ Kf8) 44. Qe8+ (44. Qh7 $142 $1 {[%cal Rh7g8] Qg8+ is the strong threat.} Qd5+ 45. Kf2 Qxf7 46. Qh8+ (46. Rxa6 {gets mated.} Rxf4+ 47. Kg2 Qd5+ 48. Kh2 Qxh5+ 49. Kg2 Qf3+ 50. Kh2 Rh4+ {[%mdl 64] Deflection, Clearance} 51. gxh4 Qf4+ {[%mdl 64] Double Attack} 52. Kh3 Qe3+ 53. Kg2 Qxd2+ 54. Kf3 Qe2+ 55. Kg3 Qe3+ 56. Kg4 Rc4+ 57. Qe4 Rxe4+ 58. Kh5 Re5+ 59. Kg6 Qe4#) 46... Qg8 47. Rf6+ $1 {[%mdl 512]} Ke7 48. Qxg8 Rxg8 49. Rxa6) 44... Qxe8 45. fxe8=Q+ ({Much worse is} 45. fxe8=B $6 Rc2 $11) 45... Kxe8 46. Rxa6 {[%mdl 4096] Endgame KRR-KRR} Rc5 47. Ra8+ (47. Kf3 $16) 47... Kf7 $1 $11 48. Ra7+ Kf6 49. Kf3 {Hoping for Ke3.} Rxh5 50. Ke3 Rhd5 51. a6 Ra4 52. Rxd3 Rxd3+ 53. Kxd3 {KR-KR} Ra3+ 54. Kc4 {Threatens to win with Kb4.} Rxg3 55. Rb7 {next Rb6+ is good for White.} Ra3 56. a7 g5 $2 {[%mdl 8192]} (56... h5 $11 {and Black stays safe.}) 57. Kb5 $18 Kf5 58. fxg5 hxg5 {[#]} 59. Kb4 $2 (59. Rc7 $1 {mates} Ra2 60. Rc5+ Ke6 61. Rc6+ Kd5 62. Ra6 Rb2+ 63. Ka4 Ra2+ 64. Kb5 Rb2+ 65. Ka5) 59... Rxa7 $2 {[%mdl 8192]} (59... Ra6 $11) 60. Rxa7 $11 {KR-KP. White mates.} g4 61. Kc3 Kf4 62. Kd2 Kf3 63. Ke1 Kg2 {[#]} 64. Rg7 $1 g3 65. Ke2 {Weighted Error Value: White=0.31/Black=0.46} 1-0

[Event "UKR-ch Women 2020"]
[Site "Kherson"]
[Date "2020.12.13"]
[Round "8.4"]
[White "Hryzlova, Sofiia"]
[Black "Shpanko, Nadiia"]
[Result "1-0"]
[WhiteElo "2064"]
[BlackElo "2235"]
[Annotator "TA"]
[PlyCount "143"]
[EventDate "2020.12.06"]
[EventType "swiss"]
[EventCountry "UKR"]
[SourceTitle "playchess.com"]
[Source "ChessBase"]
[SourceQuality "1"]

{[%evp 9,143,35,36,13,18,7,29,24,25,18,26,26,24,35,38,20,22,16,8,0,16,15,7,-68,-63,-51,-52,-159,-155,-164,-161,-151,-166,-139,-108,-107,-111,-164,-161,-195,-182,-277,-226,-333,-169,-163,-168,-177,-162,-193,-189,-156,-112,-112,-112,-92,106,105,98,102,133,144,112,116,279,43,113,94,245,151,151,122,169,102,93,52,74,63,203,139,605,568,632,604,571,520,467,306,1160,882,1077,452,497,492,652,661,703,695,12845,12847,12841,12843,5738,4125,5714,4120,508,3197,12848,12847,4152,12851,12850,12849,29939,29940,29942,29942,29946,29945,29953,29952,29950,29953,29951,4166,29965,29969,29969,4177,4152,4141,29988,29989,29989,29990]} 1. d4 Nf6 2. g3 d5 3. Nf3 Bg4 4. Bg2 Nbd7 5. c4 e6 6. Nc3 {D02: 1 d4 d5 2 Nf3 sidelines, including 2...Nf6 3 g3 and 2...Nf6 3 Bf4.} c6 7. Qb3 Qc8 8. Bf4 {[#] White has an edge.} dxc4 $146 ({Predecessor:} 8... Be7 9. Rc1 O-O 10. O-O Bxf3 11. Bxf3 Nb6 12. c5 Nbd7 13. e4 dxe4 14. Nxe4 Nxe4 15. Bxe4 {½-½ (22) Ivanchuk,V (2726)-Yu,Y (2751) Huaian 2017}) 9. Qxc4 Nd5 10. Bd2 Be7 11. O-O O-O 12. e4 N5b6 13. Qd3 Rd8 14. Bf4 Bf6 15. e5 Be7 16. Rac1 (16. Rfd1 $11) 16... Nc5 $1 $36 {[%cal Rc5d3][%mdl 2112] Pin. Black is pushing.} 17. Qd1 Bf5 18. Ne2 ({Better is} 18. Be3 $15) 18... Nd3 $17 19. Rc3 Nxb2 20. Qb3 N2a4 21. Rcc1 Qd7 22. Rfd1 Be4 23. g4 (23. Ng5 $17 {is a better defense.} Bxg2 24. Kxg2) 23... Rac8 $19 24. Ng3 Bd5 25. Qe3 (25. Qb1 $142) 25... Bxa2 26. Ng5 (26. Bg5 $142) 26... Nd5 (26... Nb2 $142 27. Re1 Qxd4) 27. Qd3 g6 28. Bd2 Nb2 29. Qc2 Nxd1 30. Rxd1 Nc7 {aiming for ...Bd5.} 31. Qxa2 Qxd4 {Strongly threatening ...Bxg5.} 32. Nf3 Qxg4 $2 (32... Qd3 $17) 33. h3 $16 {[#]} Rxd2 $1 34. Rxd2 (34. hxg4 $2 {too greedy.} Rxa2 35. Rb1 b5 $19) (34. Qxd2 Qa4) 34... Qb4 35. Rb2 ({But not} 35. Qxa7 $6 c5 $11) 35... Qc5 36. Rxb7 Nb5 $2 (36... Qc1+ $16 37. Nf1 Nd5 38. Qxa7 Bc5) 37. Rd7 $2 (37. Qd2 $18) 37... Qc1+ (37... Rd8 $14 38. Rb7 Kf8) 38. Kh2 Bc5 $2 (38... Rc7 $16 {was worth a try.} 39. Rxc7 Nxc7) 39. Ne2 Qh6 40. Qa6 Rb8 {[#]} 41. Qxc6 (41. Kg3 $1 $18) 41... Bxf2 42. Rd3 Qf8 43. Ng5 {And now Rd7 would win.} Qg7 ({Black should play} 43... Bh4 $1 $14 44. Nxf7 Qxf7) 44. Qe4 h6 $2 {[%mdl 8192] [#]} (44... Bb6 $16 45. Rd7 Bc7) 45. Nxf7 $1 $18 {[%mdl 512]} Bb6 (45... Qxf7 46. Rf3) 46. Nd6 Nxd6 47. exd6 {Black must now prevent Nf4.} e5 48. Rd5 Re8 $2 {[#]} (48... Qf6 49. Rd1 Rd8 50. Qd5+ Qf7 51. Qxe5 Kh7) 49. Nf4 $1 {[%mdl 576] Pin} Kh7 (49... exf4 50. Qxe8+) 50. Nd3 (50. Nh5 $142 Qf8 51. Rd3) 50... Qf6 51. d7 Re6 52. Nc5 Rd6 {intending ...Rxd5.} 53. Rxe5 {Re7+ would kill now.} h5 54. Re7+ Kh6 55. Qe3+ g5 56. Re6 Rxe6 57. Qxe6 Kg7 {[#]} 58. Qxf6+ $1 Kxf6 59. Nb7 Ke7 60. Bc6 Bc7+ 61. Kg2 {Cut Off at move 61} g4 62. hxg4 hxg4 63. Bb5 a6 64. Bc6 a5 65. Ba4 Bb6 66. Kg3 Bc7+ 67. Kxg4 Bb6 68. Kf5 Bc7 69. Ke4 (69. Bb5 $142 a4 70. Bxa4 Kf7 71. d8=Q Bxd8 72. Nxd8+ Kf8 73. Kf6 Kg8 74. Bb3+ Kh7 75. Nf7) 69... Ke6 70. Kd4 Bb6+ 71. Kc4 Ke7 72. Kd5 {What a bad dream for Black.  Weighted Error Value: White=0.40/Black=0.49} 1-0

[Event "UKR-ch Women 2020"]
[Site "Kherson"]
[Date "2020.12.13"]
[Round "8.5"]
[White "Berdnyk, Mariia"]
[Black "Doluhanova, Evgeniya"]
[Result "1/2-1/2"]
[WhiteElo "2324"]
[BlackElo "2229"]
[Annotator "TA"]
[PlyCount "141"]
[EventDate "2020.12.06"]
[EventType "swiss"]
[EventCountry "UKR"]
[SourceTitle "playchess.com"]
[Source "ChessBase"]
[SourceQuality "1"]

{[%evp 9,141,8,22,32,50,47,47,47,42,42,54,49,49,51,47,56,48,56,60,52,54,48,64,47,64,0,0,0,0,0,0,-70,-70,-110,-91,-94,-83,-86,-87,-76,-34,-10,-12,-8,0,0,0,0,15,15,9,16,16,10,21,0,0,0,4,0,0,0,7,7,40,6,52,6,56,0,54,45,77,0,25,38,33,3,19,19,19,22,19,19,19,8,8,8,13,13,13,13,25,25,25,25,25,25,247,14,16,16,16,16,17,8,8,8,8,8,8,8,35,35,35,35,35,8,8,0,35,8,8,0,0,0,0,0,0,0,0,0,0,0]} 1. d4 Nf6 2. c4 e6 3. g3 d5 4. Bg2 Bb4+ 5. Nd2 c6 6. Ngf3 {E01: Catalan: Early deviations.} Nbd7 7. O-O O-O 8. Qc2 {White is slightly better.} b6 {is now debated instead of 8...Re8.} 9. e4 Bb7 10. e5 Ne8 $1 11. h4 Be7 {[#]} 12. cxd5 $146 ({Predecessor:} 12. b3 Rc8 13. Bb2 c5 14. dxc5 Nxc5 15. Rad1 Nc7 16. Rfe1 h6 17. Nh2 dxc4 18. Nxc4 {1-0 (29) Kunin,V (2527)-Zasukhin,V (2249) Ekaterinburg 2019}) 12... exd5 13. Re1 c5 14. Nf1 Nc7 15. Ne3 Ne6 16. Nf5 cxd4 17. Nxe7+ (17. N3xd4 $14 Nxd4 18. Nxd4) 17... Qxe7 $11 18. Ng5 Nxg5 19. Bxg5 Qe6 20. Qc7 ({White should play} 20. Qd1 $11) 20... Nc5 $15 21. Rad1 h6 22. Be7 Rac8 23. Qd6 Rfe8 24. Qxe6 Nxe6 (24... fxe6 {feels hotter.} 25. Bd6 Ne4 26. Rxd4 Rc2 27. Bb4 Nxf2 28. Rf1 Ne4) 25. Ba3 a5 26. Bf1 Bc6 27. b3 Bd7 28. Rd2 a4 29. Bb2 axb3 30. axb3 {[%cal Ba2b3,Bb3b4][%mdl 32]} Rc5 31. b4 Rc7 32. Bxd4 Nxd4 33. Rxd4 Be6 34. h5 Rec8 35. f4 Rc3 36. Bd3 g6 37. Kf2 Kg7 ({Much worse is} 37... gxh5 $6 38. f5 $16) 38. Ra1 {Hoping for hxg6.} R8c7 ({Of course not} 38... gxh5 $6 39. f5 $16) 39. Ra6 (39. hxg6 $14 fxg6 40. Ra6) 39... Rb7 (39... Rb3 $11) 40. Ra8 $14 Rb3 41. Re8 (41. hxg6 $16 fxg6 42. Ke3) 41... Bf5 42. Bxf5 gxf5 $11 {[%mdl 4096] Endgame KRR-KRR} 43. e6 Ra7 {[#] And now ...Ra2+ would win.} 44. exf7 Kxf7 45. Re2 Raa3 $1 46. Rxd5 Rf3+ 47. Kg1 Rxg3+ 48. Rg2 Ke6 49. Re5+ Kf6 50. Rb5 Ra1+ 51. Kh2 Rxg2+ 52. Kxg2 {KR-KR} Ra2+ 53. Kf3 Ra3+ $2 (53... Rh2 $1 $11) 54. Kf2 $2 (54. Ke2 $18) 54... Rh3 $1 55. Rxb6+ Kg7 56. Rg6+ Kh7 $1 57. Kg2 Rxh5 58. Rg3 {[#] Threatening mate with Rh3.} Rh4 59. Rf3 Rg4+ 60. Kh3 $1 Rg6 61. b5 {Cut Off at move 61} Rb6 62. Rb3 Kg6 63. Kg3 Kf6 64. Kf3 h5 65. Ke2 Kg6 {The position is equal.} 66. Kd3 h4 67. Ke2 Kh5 68. Kf3 Rg6 69. Kf2 {aiming for b6.} Rb6 70. Kf3 Rg6 {( -> ...Rg3+)} 71. Kf2 {Weighted Error Value: White=0.19/Black=0.13} 1/2-1/2